00763nam a2200253Ia 4500003000400000005001700004006001800021007000300039008004100042024001000083037001100093040001800104041001300122100002000135110009000155245007100245260000900316650001300325700003100338700001900369700009000388942001200478999001900490OSt20220930084908.0a|||||r|||| 00| 0ta220926b |||||||| |||| 00| 0 eng d a87785 cTheses aCRLcCRLbeng 2engaeng aGupta Meenakshi aUniversity of Delhi. Faculty of Commerce and Business Studies. Department of Commerce 0aEmpirical tresting of technical indicators for Indian Stock Market c2006 aCOMMERCE a Sehgal Sanjay Gu.9537224 a Singh Y P Gu. aUniversity of Delhi. Faculty of Commerce and Business Studies. Department of Commerce cDIS2CC c877956d877956